000 nam a22 a 4500
999 _c91
_d91
005 20170417114941.0
008 170417t2009 ne ||||| |||| 00| 0 eng d
020 _a9789041131393
040 _aAKMAL
082 _a343.9304 DAL
090 _a343.9304
_bDAL
245 0 0 _aVAT yearbook 2009 :
_bVAT decisions of the European Court of Justice 1974-2008
260 _aAlphen aan den Rijn :
_bKluwer Law International ;
_c2009-
300 _av.
_c25cm. +
_eCD-ROMs.
500 _aCompilers: S.H. Dale and W.A.P. Nieuwenhuizen.
500 _aLatest issue consulted: 2009.
500 _aIncludes index
650 0 0 _2Value-added tax
_vDigests.
_xLaw and legislation
_zEuropean Union countries
_9236
700 1 0 _aDale, Stephen.
_9237
700 1 0 _aNieuwenhuizen, W. A. P.
_d1962-
_q(Wilbert A. P.),
_9238
942 _2ddc
_cBOOK
950 _lAKMAL